000 01039nam a22003497a 4500
001 BR0203769
003 BR-BrBNA
005 20230928101124.0
007 ta
008 230509b bl.||||| |||| 00| 0 por d
040 _aBR-BrBNA
_bpor
_cBiblioteca Nacional de Agricultura
041 _a(Eng, Por)
072 _aE14; E71
_b0600
090 _ 0600 BR0203769
100 1 _aCorrêa, S.
110 1 _aMinistério da Agricultura, Pecuária e Abastecimento, Brasília, DF (Brasil)
110 1 _aGazeta Grupo de Comunicações, Santa Cruz do Sul, RS (Brasil)
_95227
245 1 _aAnuário brasileiro de fruticultura
260 3 _aSanta Cruz do Sul, RS (Brasil):
_c2002.
300 _a176 p.
500 _a147 illus.
650 _aFRUTICULTURA
650 _aTRANSFERÊNCIA DE TECNOLOGIA
650 _aMERCADO MUNDIAL
650 _aINDUSTRIALIZAÇÃO
650 _aEMBALAGEM
650 _aTRANSPORTE
650 _aQUALIDADE
650 _aESTATÍSTICA DE PRODUÇÃO
909 _a202309
_bLucia
_c55
_dLucia Elande
942 _cBK
999 _c64353
_d64353